| 000 | 00697cam a2200265 4500 | ||
|---|---|---|---|
| 001 | ABS67810 | ||
| 008 | 040603n2004 000 0 eng u | ||
| 035 | _a(Sirsi) u126416 | ||
| 245 | _aFocus 1: Nottinghamshire | ||
| 260 | _c2004 | ||
| 490 |
_aEstates Gazette _v(0420) 15 May 2004, 75-93(8) |
||
| 590 | _aABS | ||
| 590 | _aABS | ||
| 650 | _aNOTTINGHAMSHIRE | ||
| 650 | _aNOTTINGHAM | ||
| 650 | _aDERBY | ||
| 650 | _aLEICESTER | ||
| 650 | _aMANCHESTER | ||
| 650 | _aBIRMINGHAM | ||
| 650 | _aPROPERTY-COMMERCIAL PROPERTY-RETAIL PROPERTY-RETAIL PROPERTY MARKET | ||
| 650 | _aOFFICE MARKET | ||
| 650 | _aINDUSTRIAL MARKET | ||
| 690 | _aCOMMERCIAL PROPERTY-MARKET | ||
| 942 | _n0 | ||
| 999 |
_c117476 _d117476 |
||